Bones of the Skeleton (Scientific Names) - Statistics

General Stats
  • This quiz has been taken 604 times
  • The average score is 9 of 11
Answer Stats
Hint Answer % Correct
Rib Rib
90%
Skull Cranium
89%
Jaw Mandible
89%
Hip Bone Pelvis
86%
Finger Phalanges
86%
Backbone Vertebrae
85%
Kneecap Patella
84%
Thigh Bone Femur
83%
Shinbone Tibia
83%
Collarbone Clavicle
82%
Shoulder Bone Scapula
79%
No matching quizzes found
Score Distribution
Percent of People with Each Score
Percentile by Number Answered
Your Score History
You have not taken this quiz